000 00481nam a2200181Ia 4500
001 20616
005 20260306172819.0
008 260306t2010||||xx |||||||||||||| ||spa||
041 _aESP
082 _a343.6
_bA15
100 _aAbruña Puyol, Antonio
_eAUT
245 0 _aDelimitación jurídica de la administración pública en el ordenamiento peruano
260 _c2010
300 _a205 páginas :
_c24 cm.
650 _aGEN
654 _aCDE
942 _cLIB
_dJUS
_fJUS
_2ddc
_n
999 _c20616
_d20616